Villes d'Australie - Mort Subite - Statistiques

Statistiques générales
  • Ce quiz a été pris 76 fois
    23 depuis la dernière actualisation
  • Le résultat moyen est 10 sur 24
Answers on the Grid
Answers color-coded by a green-red scale on the quiz's grid according to % correct below.
Perth
Canberra
Geelong
Wagga Wagga
Sydney
Brisbane
Cairns
Carnarvon
Darwin
Adélaïde
Melbourne
Rockhampton
Gold Coast
Hobart
Launceston
Wollongong
Geraldton
Alice Springs
Toowoomba
Ballarat
Port Macquarie
Mount Gambier
Dubbo
Whyalla
Donington
Port Moresby
Baccarat
Newton
Washington
Pabu
Auckland
Guangdong
Freetown
Pago Pago
Surabaya
Radcliffe
 
Statistiques - réponses
Réponse % Correct
Melbourne
95%
Sydney
89%
Adélaïde
79%
Perth
79%
Canberra
74%
Alice Springs
68%
Darwin
68%
Brisbane
58%
Gold Coast
58%
Hobart
53%
Cairns
47%
Port Macquarie
37%
Wollongong
26%
Geelong
21%
Mount Gambier
21%
Rockhampton
21%
Toowoomba
16%
Dubbo
11%
Launceston
11%
Wagga Wagga
11%
Ballarat
5%
Carnarvon
5%
Geraldton
0%
Whyalla
0%
Aucun quiz correspondant
Distribution des résultats
% des personnes avec chaque résultat
Percentile par nombre de réponses
Votre historique - résultats
Vous n’avez pas pris ce quiz depuis la dernière actualisation